000
00315nam a2200121Ia 4500
008
190216s9999||||xx |||||||||||||| ||und||
100
_a
Abdu Rahiman K
245
0
_a
Charithra Padanattinu Oru Amukham
260
_b
Kerala Basha Inst
_c
1978
300
_a
198p
650
_a
Kerala History-Kerala History
942
_c
BK
999
_c
39518
_d
39518